000 00668nam a2200193 a 4500
001 000046045
005 20201002052613.0
008 150612s2010 dr 000 p spa d
020 _a9789945866773
040 _aDO-SdBNP
_bspa
_cBNPHU
082 _axxxx
_bxxxx
100 1 _aGonzález Pérez, María Iluminada
_974120
245 1 0 _aNaufragios /
_cMaría Iluminada González Pérez ; edicion Viana Lechuga.
260 _aSanto Domingo :
_bCasa de Teatro,
_c2010.
300 _a61 p. ;
_c21 cm.
500 _aIncluye datos biográficos de la autora en solapa de la cubierta.
586 _aPremio Internacional de Poesía 2010.
700 1 2 _aLechuga, Viana,
_eed.
_974121
999 _c45534
_d45534